Your book of freshwater life / (Record no. 8844)
[ view plain ]
| 000 -LEADER | |
|---|---|
| fixed length control field | 00752cam a22002532 4500 |
| 001 - CONTROL NUMBER | |
| JCCL Control Number | 8844 |
| 003 - CONTROL NUMBER IDENTIFIER | |
| JCCL marc code | BD-JhCC |
| 005 - DATE AND TIME OF LATEST TRANSACTION | |
| control field | 20180529142944.0 |
| 008 - FIXED-LENGTH DATA ELEMENTS--GENERAL INFORMATION | |
| fixed length control field | 180304s1968 enkaf j 000 0 eng d |
| 035 ## - SYSTEM CONTROL NUMBER | |
| system control number | (BD-JhCC)8844 |
| 040 ## - CATALOGING SOURCE | |
| Original cataloging agency | BD-JhCC |
| Transcribing agency | DLC |
| Modifying agency | UKM |
| -- | BD-JhCC |
| 041 ## - LANGUAGE CODE | |
| Language code of Book | eng |
| 050 00 - LIBRARY OF CONGRESS CALL NUMBER | |
| Classification number | QH96 |
| Item number | .C53 |
| 082 00 - DEWEY DECIMAL CLASSIFICATION NUMBER | |
| Classification number | 574.929 (j) |
| Author mark and Year | CLE 1968 |
| 100 1# - MAIN ENTRY--PERSONAL NAME | |
| Personal name | Clegg, John, |
| Dates associated with a name | 1909-1998. |
| 245 10 - TITLE STATEMENT | |
| Title | Your book of freshwater life / |
| Statement of responsibility, etc | John Clegg |
| 260 ## - PUBLICATION, DISTRIBUTION, ETC. (IMPRINT) | |
| Place of publication, distribution, etc | London : |
| Name of publisher, distributor, etc | Faber, |
| Date of publication, distribution, etc | 1968. |
| 300 ## - PHYSICAL DESCRIPTION | |
| Pagination | 55 p. |
| Other physical details | 17 plates, illus. (incl. 1 col.) |
| Dimensions | 22 cm. |
| 490 0# - SERIES STATEMENT | |
| Series statement | Your book series |
| 500 ## - GENERAL NOTE | |
| General note | Label mounted on t.p.: Sole distributor for the U.S.A., Transatlantic Arts, New York. |
| 650 #0 - SUBJECT ADDED ENTRY--TOPICAL TERM | |
| Topical term or geographic name as entry element | Freshwater biology. |
| 942 ## - ADDED ENTRY ELEMENTS (KOHA) | |
| Source of classification or shelving scheme | Dewey Decimal Classification |
| Koha item type | Books |
| Source of classification or shelving scheme | Damaged status | Not for loan | Home library | Current library | Shelving location | Total Checkouts | Full call number | Barcode | Date last seen | Copy number | Koha item type |
|---|---|---|---|---|---|---|---|---|---|---|---|
| Dewey Decimal Classification | JCC Rouf Library | JCC Rouf Library | General Stacks | 574.929 CLE 1968 | 11734 | 03/04/2018 | C - 1 | Books |